Normal view
MARC view
- Tracewell, Theodore N.
Entry Personal Name
001 - CONTROL NUMBER
- control field: 102696
003 - CONTROL NUMBER IDENTIFIER
- control field: NUST
005 - DATE AND TIME OF LATEST TRANSACTION
- control field: 20221116132150.0
008 - FIXED-LENGTH DATA ELEMENTS
- fixed length control field: 221116|| aca||aabn | a|a d
040 ## - CATALOGING SOURCE
- Original cataloging agency: NUST
- Transcribing agency: NUST
100 ## - HEADING--PERSONAL NAME
- Personal name: Tracewell, Theodore N.
670 ## - SOURCE DATA FOUND
- Source citation: Work cat.: (NUST)180316: Chinn, William G. 102694, Arithmetic and calculators :, c1978.
